00872cam a2200265 a 450000100100000000500170001000800410002702000150006804000250008308200240010810000380013224500580017025000120022826000330024030000210027349000290029465000280032365000310035183000380038291000280042091000070044804900090045595201270046499900150059100000804720200929154417.0800408s1994 sp 000 f spa d a8423309754 aDO-SdBNPbspadBNPHU a863.64bD353d, 19941 aDelibes, Miguel,d1920-20109329713aEl disputado voto del señor Cayo /cMiguel Delibes. a22a ed. aBarcelona :bDestino,c1994. a189 p. ;c21 cm.1 aÁncora y delfÍnv533 4aNovela española91123 4aLiteratura española9632 0aÁncora y delfÍn ;v533921956 aCatalogación derivada aWM aBNGR 001054708MOaGRbGRcHDd2009-09-14iLF1l0o863.64 D353d, 1994p8047-10r2020-06-25w2020-06-25y4ZPréstamo en sala c7824d7824